00325 a2200133 4500003000400000005001700004008004100021040000900062082001500071100002200086245005100108260002400159300000800183OSt20240116134630.0240116b |||||||| |||| 00| 0 eng d coclc a297bPAL/B aPalakkazhi, Usman aBhahayisathinte adiverukal /cUsman Palakkazhi aKerala:bKNM,c2006 a56p